| 000 | 00945cam a22003015a 4500 | ||
|---|---|---|---|
| 001 | L159656 | ||
| 008 | 150226s2017 xxk f 000 0 eng d | ||
| 035 | _a(Sirsi) u159656 | ||
| 041 | 0 | _aeng | |
| 100 | 1 | _aHebel, Dirk | |
| 245 | 0 | 0 | _aNatural successors |
| 260 | _c2017 | ||
| 490 |
_aModus _vDecember 2017 - January 2018, 18-25 (8) |
||
| 520 | _aLooks at a new generation of more sustainable and environmentaly friendly building materials such as bamboo and hemp or solar roof tiles made of glass with photovoltaic solar cells. | ||
| 590 | _aKA | ||
| 650 | 2 | 4 | _aWHOLE-LIFE CARBON |
| 650 | 2 | 4 | _aBAMBOO |
| 650 | 2 | 4 | _aHEMP |
| 650 | 2 | 4 | _aSOLAR VOLTAIC INSTALLATIONS |
| 650 | 2 | 4 | _aBUILT ENVIRONMENT-SUSTAINABLE CONSTRUCTION |
| 651 | 4 | _aInternational | |
| 690 | _aBUILT ENVIRONMENT-BUILDING MATERIALS | ||
| 700 | 1 | _aSturgis, Simon | |
| 700 | 1 | _aAllin, Steve | |
| 700 | 1 | _aSymonds, Lloyd | |
| 700 | 1 | _aHunter, Ian | |
| 942 | _n0 | ||
| 999 |
_c84894 _d84894 |
||